|
|
|
|
| LEADER |
00611cam a2200157 7i4500 |
| 001 |
0000027992 |
| 005 |
20120723090000.0 |
| 090 |
0 |
0 |
|a CD 338.7025
|b GRE (SING)
|
| 245 |
0 |
4 |
|a The Green book :
|b Singapore industrial and commercial guide.
|
| 260 |
0 |
0 |
|a Singapore:
|b Promedia Directories,
|c 2011.
|
| 300 |
# |
# |
|a Electronic computer optical disc (CD-ROM).
|
| 650 |
0 |
0 |
|a Business --
|x Directories --
|z Singapore
|
| 650 |
0 |
0 |
|a ConsumerzSingapore --
|x Directories
|
| 651 |
0 |
0 |
|a Singapore
|
| 999 |
|
|
|a CDR001127H
|b CD-ROM
|c AV Collection
|e Business Information Centre
|
| 999 |
|
|
|a CDR001126H
|b CD-ROM
|c AV Collection
|e Business Information Centre
|